Statistics for Word Addition Click Quiz #3

Click here to take the quiz!

General Stats

  • This quiz has been taken 23,905 times
    (23,894 since last reset)
  • The average score is 13 of 20

Answer Stats

HintAnswer% Correct
MUSHROOM
93%
LANDSCAPE
78%
CARPET
73%
EXTENDED
72%
TROUBLESHOOT
70%
STANDSTILL
70%
MAYO
69%
RAMPART
68%
TRANSLATE
67%
AREA
66%
CORSET
66%
MIDSTREAM
62%
CURRENT
62%
WORRYWART
56%
LITERATE
54%
NOVELLA
53%
TUTTI
52%
PLUSHEST
50%
REARRANGE
50%
BLOTTO
46%

Score Distribution

Percentile by Number Answered

Percent of People with Each Score

Your Score History

You have not taken this quiz since the last reset